<?xml version="1.0" encoding="utf-8"?>
<?xml-stylesheet type='text/xsl' href='./oai2.xsl'?>
<OAI-PMH xmlns="http://www.openarchives.org/OAI/2.0/" xmlns:xsi="http://www.w3.org/2001/XMLSchema-instance" xsi:schemaLocation="http://www.openarchives.org/OAI/2.0/ http://www.openarchives.org/OAI/2.0/OAI-PMH.xsd">
  <responseDate>2026-06-07T08:26:47Z</responseDate>
  <request verb="GetRecord" metadataPrefix="marcxml" identifier="record_kuniweb_161275">https://kulturerbe.niedersachsen.de/oai</request>
  <GetRecord>
    <record>
      <header>
        <identifier>record_kuniweb_161275</identifier>
        <datestamp>2025-08-28T09:38:22Z</datestamp>
        <setSpec>slg0138</setSpec>
      </header>
      <metadata>
        <marc:record xmlns:marc="http://www.loc.gov/MARC21/slim" xsi:schemaLocation="http://www.loc.gov/MARC21/slim http://www.loc.gov/standards/marcxml/schema/MARC21slim.xsd">
          <marc:leader>12345nkm  22     uu 4500</marc:leader>
          <marc:controlfield tag="001">161275</marc:controlfield>
          <marc:controlfield tag="003">http://kuniweb.gbv.de</marc:controlfield>
          <marc:controlfield tag="005">2019-10-18T19:19:22</marc:controlfield>
          <marc:controlfield tag="008">|           ||||||||||||||||||||||</marc:controlfield>
          <marc:datafield tag="245" ind1="1" ind2="0">
            <marc:subfield code="a">Umbau eines unterschlächtigen Wasserrades - Modell Zuppinger - für Herrn E. Hoffmeister in Berssel bei Wasserleben, 1910</marc:subfield>
          </marc:datafield>
          <marc:datafield tag="655" ind1=" " ind2="7">
            <marc:subfield code="a">Grafik</marc:subfield>
          </marc:datafield>
          <marc:datafield tag="046" ind1=" " ind2=" ">
            <marc:subfield code="k">1910-06-24</marc:subfield>
            <marc:subfield code="k">24.06.1910</marc:subfield>
          </marc:datafield>
          <marc:datafield tag="260" ind1=" " ind2=" ">
            <marc:subfield code="g">1910-06-24</marc:subfield>
            <marc:subfield code="g">24.06.1910</marc:subfield>
          </marc:datafield>
          <marc:datafield tag="520" ind1=" " ind2=" ">
            <marc:subfield code="a">Zeichnung - schwarz-weiß
Herstellungsort - Köngishütte, Bad Lauterberg

Auftraggeber und Standort:
E.  Hoffmeister, Berßel bei Wasserleben am Harz

Information:
Zur Inventarnummer sind zwei Zeichnungen vorhanden.

Anmerkung zum Wasserrad:
Das nach ihm benannte Wasserrad entwarf Zuppinger, aufbauend auf Vorgängern von Poncelet und Sagebien, während er zwischen 1838 und 1844 (Patent 1849) an der Entwicklung neuartiger Wasserturbinen arbeitete. 
Das Zuppinger-Rad ist ein mittel- bis unterschlächtiges Kropfrad mit evolventenförmig gekrümmten Schaufeln, die nicht nur den hydrostatischen, sondern auch den dynamischen Druck des Wassers ausnutzen und dadurch einen höheren Wirkungsgrad erreichen. Technisch stellt das Rad eine Übergangsform vom klassischen Wasserrad zur modernen Wasserturbine dar.
Da das Rad effektiv bei niedrigem Gefälle (0,5 - 2 m) und ohne aufwändige Regelung auch bei stark schwankenden Wassermengen arbeitet, kommt es unter schwierigen Betriebsbedingungen als Alternative zur Turbine auch heute noch in vielen Wassermühlen und einigen Kleinwasserkraftwerken zum Einsatz.
aus:
Walter Zuppinger – Wikipedia
https://de.wikipedia.org/wiki/Walter_Zuppinger





 (Förderkreis Königshütte Bad Lauterberg e.V.)

Maßstab: 1 zu 10</marc:subfield>
          </marc:datafield>
          <marc:datafield tag="650" ind1="1" ind2=" ">
            <marc:subfield code="a">Wasserrad</marc:subfield>
          </marc:datafield>
          <marc:datafield tag="650" ind1="1" ind2=" ">
            <marc:subfield code="a">Grafik, Fotografie &gt; Zeichnung</marc:subfield>
          </marc:datafield>
          <marc:datafield tag="650" ind1="1" ind2=" ">
            <marc:subfield code="a">Handwerk</marc:subfield>
          </marc:datafield>
          <marc:datafield tag="650" ind1="1" ind2=" ">
            <marc:subfield code="a">Berßel (Osterwieck, Harz, Sachsen-Anhalt)</marc:subfield>
          </marc:datafield>
          <marc:datafield tag="773" ind1="0" ind2=" ">
            <marc:subfield code="t">Antriebe und Transportanlagen</marc:subfield>
          </marc:datafield>
          <marc:datafield tag="852" ind1=" " ind2=" ">
            <marc:subfield code="a">Industriedenkmal Königshütte Bad Lauterberg im Harz</marc:subfield>
          </marc:datafield>
          <marc:datafield tag="" ind1=" " ind2=" ">
            <marc:subfield code="a">Namensnennung - Nicht kommerziell - Keine Bearbeitungen 4.0 International (CC BY-NC-ND 4.0)</marc:subfield>
          </marc:datafield>
        </marc:record>
      </metadata>
    </record>
  </GetRecord>
</OAI-PMH>
